Variability of Simocephalus vetulus (Crustaceae: Anomopoda, Daphniidae) in Slovakia

Bibliographic Details
Main Author: Hudec, Igor, 1951- (Author)
Format: Article
Language:Slovak
English
PhysicalDescription:Obr. 14, tab. 1, res. angl., lit. 19 zázn. v rôz. jaz.
ISSN:0006-3088
Subjects:

MARC

LEADER 00000nab a2200000 a 4500
001 vtls000571158
003 SK-MaSNL
005 20260304095416.0
008 250425c1995 xo 0 slo
015 |a SNBRB19rr/mm-uuuuu 
035 |a CL0571296 
035 |a urn:nbn:sk:snk-abbph2 
035 |a (urnnbn)urn:nbn:sk:snk:ar-001p87 
035 |a (uuid)a04fe31a-6151-40df-8603-f2c5069a3692 
040 |a SNKBUCL  |b slo  |c SNKBUCL  |e AACR2 
041 0 |a eng 
044 |a xo  |c SK 
080 |a 595.324.2(437.6)  |2 1981 
100 1 |a Hudec, Igor,  |d 1951-  |4 aut  |9 28767 
245 1 0 |a Variability of Simocephalus vetulus (Crustaceae: Anomopoda, Daphniidae) in Slovakia  |c Igor Hudec 
300 |b Obr. 14, tab. 1, res. angl., lit. 19 zázn. v rôz. jaz. 
650 0 7 |a simocefalus obyčajný  |2 snkbucl  |9 1392546 
655 7 |a články z novín a časopisov  |2 snkbucl  |9 267496 
773 0 |t Biologia  |g Roč. 50, č. 5 (1995), s. 465-473  |x 0006-3088 
850 |a Slovenská národná knižnica 
852 |a Slovenská národná knižnica 
954 |a odborná, vedecká literatúra pôvodná (slovenská)  |2 lita 
958 |a article15 
958 |a OND 
958 |a NB 
958 |a RK 
958 |a SK 
958 |a EUIPO 
992 |a RBX 
999 |c 2832613  |d 2834543